00635 2200229 4500001002100000005001700021008004100038020001800079035002400097040001200121082001100133090001800144100001900162245006100181250001800242260003000260300003100290504003100321650002300352850001200375990001800387YOGYA-0712000000000520120701233411.0 ind  a979-499-172-4 0010-071200000000005 aYOPDYOG a181.16 a181.16bBak O aBAKRY, Noor MS aOrientasi filsafat Pancasila disususn oleh Noor MS Bakry aEd. 2, cet. 1 aYogyakartabLibertyc1994 aviii, 215 hlmbilusc21 cm aBibliografi : hlm. 213-215 aFilsafat Pancasila aYOPDYOG a66891-P/95b1